00933nam a22002417a 4500001001000000003000900010005001700019007001000036008003700046020001800083020001800101040002200119100001500141245013800156260004300294300003100337490002700368500007800395500013000473700002900603700003200632830002700664000052562DO-SdBNP20180312104014.0000052562160505b 2014 dr a 00| 0 spa d a9789945119114 a9789945119152 aBPMSUbspacBPMSU1 aSosa, Olga aEntre amigos 2 : beducación inicial /cOlga Sosa ; dirección editorial Claudia Llibre ; ilustración Ruddy Núñez...[et al]. aSanto Domingo : bSantillana, c2014.  a295 p. : bil. ; c21 cm.  a Proyecto todos juntos aIncluye guía didáctica y recursos didácticos para el profesorado  aEste libro ha sido realizado de conformidad con el currículum vigente y ha sido sometido a la aprobación de la MINERD. 12aNúñez, Ruddy, eil. 12aLlibre, Claudia,edir. ed.  p Proyecto todos juntos